KOHA-Header-6

Find your Thing (Record no. 1673)

000 -LEADER
fixed length control field 00282nam a2200121Ia 4500
008 - FIXED-LENGTH DATA ELEMENTS--GENERAL INFORMATION
fixed length control field 190723s9999 xx 000 0 und d
020 ## - INTERNATIONAL STANDARD BOOK NUMBER
International Standard Book Number 978-0-857-08592-4
100 ## - MAIN ENTRY--PERSONAL NAME
Personal name Lucy Whittington
245 #0 - TITLE STATEMENT
Title Find your Thing
260 ## - PUBLICATION, DISTRIBUTION, ETC. (IMPRINT)
Place of publication, distribution, etc Uk
Name of publisher, distributor, etc Capstone
Date of publication, distribution, etc 2015
300 ## - PHYSICAL DESCRIPTION
Extent 162.:p
942 ## - ADDED ENTRY ELEMENTS (KOHA)
Koha item type Books
Holdings
Withdrawn status Lost status Source of classification or shelving scheme Damaged status Not for loan Collection code Permanent Location Current Location Shelving location Date acquired Full call number Barcode Date last seen Price effective from Koha item type
          Management MAJU MAJU   2019-07-23 650.1 8296 2019-07-23 2019-07-23 Management

Powered by Koha